Online
Catalog
Normal view MARC view

Entry Nombre corporativo

Number of records used in: 50

001 - NÚMERO DE CONTROL

  • campo de control: 14503

003 - IDENTIFICADOR DEL NÚMERO DE CONTROL

  • campo de control: BNPHU

005 - FECHA Y HORA DE LA ÚLTIMA TRANSACCIÓN

  • campo de control: 20240304103304.0

008 - DATOS DE LONGITUD FIJA

  • campo de control de longitud fija: 200615|| aca||aabn | a|a d

010 ## - NÚMERO DE CONTROL DE LA BIBLIOTECA DEL CONGRESO

  • Número de control de LC: no2005041584

040 ## - FUENTE DE LA CATALOGACIÓN

  • Centro catalogador/agencia de origen: DO-SdBNP
  • Lengua de catalogación: spa
  • Centro/agencia transcriptor: BNPHU
  • Normas de descripción: rda

110 1# - ENCABEZAMIENTO-NOMBRE DE ENTIDAD CORPORATIVA

  • Nombre de entidad corporativa o nombre de jurisdicción como elemento de entrada: República Dominicana.
  • Unidad subordinada: Secretaría de Estado de Medio Ambiente y Recursos Naturales

410 2# - TRAZADO DE VÉASE--NOMBRE DE ENTIDAD CORPORATIVA

  • Nombre de entidad corporativa o nombre de jurisdicción como elemento de entrada: Secretaría de Estado de Medio Ambiente y Recursos Naturales (República Dominicana)

410 2# - TRAZADO DE VÉASE--NOMBRE DE ENTIDAD CORPORATIVA

  • Nombre de entidad corporativa o nombre de jurisdicción como elemento de entrada: Republica Dominicana.
  • Unidad subordinada: Medio Ambiente y Recursos Naturales, Secretaría de Estado de

410 2# - TRAZADO DE VÉASE--NOMBRE DE ENTIDAD CORPORATIVA

  • Nombre de entidad corporativa o nombre de jurisdicción como elemento de entrada: SEMARENA

670 ## - FUENTE DE DATOS ENCONTRADOS

  • Cita de la fuente: Work cat.: (OSt)4841: República Dominicana. Secretaría de Estado de Medio Ambiente y Recursos Naturales, Normas ambientales sobre residuos sólidos y desechos radiactivos., 2001.

670 ## - FUENTE DE DATOS ENCONTRADOS

  • Cita de la fuente: Hacia la gobernanza ambiental municipal en República Dominicana, 2008

670 ## - FUENTE DE DATOS ENCONTRADOS

  • Cita de la fuente: Moya Pons, F. Doctrina y políticas de medio ambiente y recursos naturales, 2004

670 ## - FUENTE DE DATOS ENCONTRADOS

  • Cita de la fuente: Hacia la gobernanza ambiental municipal en República Dominicana, 2008

Powered by Koha